Chiens de fiction - Clic Quiz - Statistiques

Statistiques générales
  • Ce quiz a été pris 357 fois
    267 depuis la dernière actualisation
  • Le résultat moyen est 14 sur 20
Statistiques - réponses
Hint Réponse % Correct

Personnage

Scooby-Doo

94%

Personnage

Milou

92%

Personnage

Bill

91%

Personnage

Pluto

88%

Personnage

Beethoven

87%

Personnage

Volt

87%

Personnage

Idéfix

85%

Personnage

Lady

84%

Personnage

Dingo

82%

Personnage

Lassie

79%

Personnage

Gromit

78%

Personnage

Rouky

76%

Personnage

Clifford

74%

Personnage

Touffu

63%

Personnage

Perdita

62%

Personnage

Hatchi

57%

Personnage

Max

48%

Personnage

Marley

29%

Personnage

Shadow

20%

Personnage

Samantha

18%
Aucun quiz correspondant
Distribution des résultats
% des personnes avec chaque résultat
Percentile par nombre de réponses
Votre historique - résultats
Vous n’avez pas pris ce quiz depuis la dernière actualisation